| 000 | 01008nam a2200277Ia 4500 | ||
|---|---|---|---|
| 003 | OSt | ||
| 005 | 20221005105126.0 | ||
| 006 | a|||||r|||| 00| 0 | ||
| 007 | ta | ||
| 008 | 221004b |||||||| |||| 00| 0 hin d | ||
| 020 |
_a97893847545525 (hbk) _cINR 595.00 |
||
| 024 | _a64670 | ||
| 037 |
_bGV728, 11/03/2020, Vani Prakashan _cTextual |
||
| 040 |
_aCRL _cCRL _bhin |
||
| 041 |
_2hin _ahin |
||
| 082 | _aO152,3:g, Q8 | ||
| 100 | _aखरे, नीरज, ले. | ||
| 245 | 0 | _aकहानी का बदलता परिदृश्य | |
| 246 | _aKahānī kā badalatā paridṛushya | ||
| 260 |
_aदिल्ली _bुभारत पुस्तक भण्डार भारत _c2018 |
||
| 300 |
_a303पृ0 _ccm. |
||
| 650 | _a हिन्दी साहित्य | ||
| 650 | _aहिन्दी कहानी | ||
| 942 |
_hO152,3:g, Q8 _cTEXL _2cc |
||
| 999 |
_c1014840 _d1014840 |
||